Non-performing assets in Indian banks / (Record no. 159830)

MARC details
000 -LEADER
fixed length control field 00717nam a22001937a 4500
005 - DATE AND TIME OF LATEST TRANSACTION
control field 20190110123644.0
010 ## - LCCN (DPL NO)
LC control number B-713061
020 ## - INTERNATIONAL STANDARD BOOK NUMBER
International Standard Book Number 9788131312537
Terms of availability 495.00
035 ## - SYSTEM CONTROL NUMBER
System control number B-713061
037 ## - SOURCE OF ACQUISITION
Source of stock number/acquisition Pansy Books
082 ## - DEWEY DECIMAL CLASSIFICATION NUMBER
Classification number 332.10954123
100 ## - MAIN ENTRY--PERSONAL NAME
Personal name Md. Faizanuddin
245 ## - TITLE STATEMENT
Title Non-performing assets in Indian banks /
Statement of responsibility, etc Md. Faizanuddin [and] R.K. Mishra
260 ## - PUBLICATION, DISTRIBUTION, ETC. (IMPRINT)
Place of publication, distribution, etc New Delhi
Name of publisher, distributor, etc APH Publishing
Date of publication, distribution, etc 2012
270 ## - ADDRESS
Address 4435-36/7, Ansari Road, Daryaganj
City New Delhi
Postal code 110002
300 ## - PHYSICAL DESCRIPTION
Extent 177p.
Dimensions 22cm(pbk)
942 ## - ADDED ENTRY ELEMENTS (KOHA)
Source of classification or shelving scheme Dewey Decimal Classification
Item type English Books
Classification part 332.10954123
Call number suffix FAI
Holdings
Withdrawn status Lost status Not for loan Collection code Home library Current library Date acquired Source of acquisition Cost, normal purchase price Full call number Barcode Copy number Cost, replacement price Koha item type
      Non-fiction Mobile Library Mobile Library 07/01/2019 Pansy Books/1818/05.01.2019/01/05.01.2019/07.01.2019 495.00 332.10954123 FAI B-713061 1 495.00 English Books

© Delhi Public Library
Hit Counter
free hit counter